1022 1990 1151 1402 1151 1510 1330 1376 1003 1242 1343 1841 1898 1722 1846 1289 1530 1975 1229 1844 1660 1464 1107 1091 1151 1453 1819 1104 1015 1882 1467 1730 1449 1678 1080 1059 1876 1731 1364 1092 1155 1010 1840 1690 1943 1716 1742 1406 1149 1871 1605 1971 1454 1463 1522 1334 1100 1651 1461 1795 1912 1813 1957 1846 1302 1336 1646 1388 1007 1919 1406 1207 1598 1446 1198 1462 1752 1763 1494 1815 1324 1704 1459 1070 1943 1997 1241 1855 1060 1897 1541 1368 1633 1000 1740 1924 1968 1034 1719 BCNSPRNW ULIB Ver.6.0+V

เปลี่ยนเป็นภาษาไทย

Change to English
 แสดงรายละเอียดบรรณานุกรม
  กลับหน้าหลัก

Brief Record : Get Marc (ISO 2709) : E-mail record : QR code < ปิดหน้าต่าง
LEADER : 00000nam 2200000uu 4500
001    13399115210
003     ULIB
008    120730s2552||||th 000 0 tha d
020    ^a9786167047126
060 04 ^aWF145^bท116ก 2552
100 1  ^aทนันชัย บุญบูรพงศ์
245 10 ^aการบำบัดระบบหายใจในเวชปฏิบัติ :^bRespiratory care inclinical practice /^cทนันชัย บุญบูรพงศ์
246 31 ^aRespiratory care in clinical practice
250    ^aพิมพ์ครั้งที่ 1
260    ^a[กรุงเทพฯ] :^bภาควิชาวิสัญญีวิทยา คณะแพทยศาสตร์โรงพยาบาลรามาธิบดี มหาวิทยาลัยมหิดล,^c2552
300    ^a[4], 522 หน้า. :^bมีภาพประกอบ. ;^c27 ซม.
650  2 ^aระบบหายใจ^xการรักษา
650  2 ^aRespiratory Care^xtherapy
650  7 ^aระบบหายใจ
650  7 ^aRespiratory Care
710 2  ^aมหาวิทยาลัยมหิดล. ^bคณะแพทยศาสตร์โรงพยาบาลรามาธิบดี.^bภาควิชาวิสัญญีวิทยา
945    ^p0^l0^i16830
945    ^p0^l0^i16829
945    ^p0^l0^i16828
945    ^p0^l0^i16629
995    ^aกัณชพร
999    ^aใช้งานได้ทุกระบบ
รายการนี้ยังไม่มีแท็ก
คุณยังไม่ได้ล็อกอิน คุณสามารถมีกิจกรรมร่วมกับเว็บไซต์ได้ แต่ต้องล็อกอินก่อน ::
  ล็อกอิน

รายการสื่อสารสนเทศ

ลำดับที่ ประเภท เลขเรียก/บาร์โค้ด สถานที่ สถานะ
- ไม่พบข้อมูล -

รายการใกล้เคียง
    ผู้แต่ง [ทนันชัย บุญบูรพงศ์]

    หัวเรื่อง [ระบบหายใจ]
    หัวเรื่อง [Respiratory Care]

BibComment


ยังไม่เคยถูกคอมเมนท์

คอมเมนท์ทรัพยากรรายการนี้
  คอมเมนท์: การบำบัดระบบหายใ..


 Copyright 2026. Bcnsprnw @Library